[Event "Saarland-ch B"]
[Site "Eppelborn"]
[Date "2008.03.26"]
[Round "4"]
[White "Grewenig, Peter"]
[Black "Schrickel, Horst"]
[Result "1-0"]
[WhiteElo "1645"]
[BlackElo "1693"]
[PlyCount "21"]
[EventDate "2008.03.14"]
[EventType "swiss"]
[EventRounds "7"]
[EventCountry "GER"]
[SourceTitle "EXT 2010"]
[Source "ChessBase"]
[SourceDate "2010.11.25"]
[SourceVersion "1"]
[SourceVersionDate "2010.11.25"]
[SourceQuality "1"]

1. e4 g6 2. d4 Bg7 3. Nf3 c6 4. Be2 d5 5. exd5 cxd5 6. 0-0 Nc6 7. c4 dxc4 8. Bxc4 e6 9. d5 exd5 10. Bxd5 Nce7 11. Bxf7+ 1-0

[Event "Saarland-ch B"]
[Site "Eppelborn"]
[Date "2008.03.26"]
[Round "5"]
[White "Schrickel, Horst"]
[Black "Meyer, Jens"]
[Result "0-1"]
[WhiteElo "1693"]
[BlackElo "1515"]
[PlyCount "110"]
[EventDate "2008.03.14"]
[EventType "swiss"]
[EventRounds "7"]
[EventCountry "GER"]
[SourceTitle "EXT 2010"]
[Source "ChessBase"]
[SourceDate "2010.11.25"]
[SourceVersion "1"]
[SourceVersionDate "2010.11.25"]
[SourceQuality "1"]

1. d4 g6 2. e4 Bg7 3. Nc3 d6 4. Be3 Nd7 5. Qd2 e5 6. Nf3 exd4 7. Nxd4 Ngf6 8. Be2 Nc5 9. f3 Bd7 10. 0-0-0 h6 11. Bc4 Qe7 12. Rhe1 0-0-0 13. Ndb5 Bxb5 14. Nxb5 a6 15. Nd4 Nfd7 16. b4 Na4 17. b5 d5 18. Qa5 Qa3+ 19. Kd2 Nab6 20. Qxa3 Nxc4+ 21. Kd3 Nxa3 22. bxa6 dxe4+ 23. Kc3 bxa6 24. Kb3 Nb5 25. Nc6 Rde8 26. c4 Nc3 27. Na7+ Kd8 28. Nc6+ Kc8 29. Na7+ Kd8 30. Rd2 c5 31. Bxc5 Kc7 32. Bd6+ Kb6 33. Bb4 Nc5+ 34. Bxc5+ Kxc5 35. Rd7 Rb8+ 36. Kc2 Nxa2 37. Rc7+ Kd6 38. Rc6+ Kd7 39. Rd1+ Ke8 40. Rc8+ Rxc8 41. Nxc8 f5 42. fxe4 fxe4 43. Nd6+ Ke7 44. Nxe4 Rb8 45. Nc5 Rb2+ 46. Kd3 Nb4+ 47. Ke3 Bf6 48. Rd7+ Ke8 49. Ra7 Bd4+ 50. Kxd4 Nc6+ 51. Kd5 Nxa7 52. Nxa6 Rxg2 53. c5 Rxh2 54. c6 Nxc6 55. Kxc6 Rf2 0-1